000 00410nam a2200133Ia 4500
008 100328s9999 xx 000 0 und d
082 _b54051
100 _aटोळ दत्ता श्री. -संपा.
245 _aबालोदेयान
260 _bशिरोळकर शामला
630 _aबालोदेयान
730 _aबालोदेयान
942 _cBOOK
999 _c540777
_d540774